| 000 | 00575nam a22002177a 4500 | ||
|---|---|---|---|
| 005 | 20251024172239.0 | ||
| 008 | 231024b2004 |||||||| |||| 00| 0 spa d | ||
| 020 | _a978052160264 | ||
| 041 | _aING | ||
| 082 | _a428 K29w | ||
| 100 |
_aKelly, Curtis _983066 |
||
| 100 |
_aGargagliano, Arlen _983067 |
||
| 245 | _aWrinting from within intro | ||
| 260 | _aEstados Unidos | ||
| 260 | _bCambridge | ||
| 260 | _c2004 | ||
| 300 | _a119 páginas | ||
| 490 | _aDirección de Educación Comunitaria y Asistencia Técnica | ||
| 650 | _aINGLÉS ENSEÑANZA | ||
| 942 |
_2ddc _cBK |
||
| 999 |
_c13599 _d13599 |
||